Joe Rogan Filmography - Statistics

General Stats
  • This quiz has been taken 42 times
    9 since last reset
  • The average score is 7 of 57
Answer Stats
Type Year Name % Correct
TV Show 2001-2006, 2011-2012 Fear Factor
75%
Podcast 2009-Present The Joe Rogan Experience
75%
Film 2012 Here Comes the Boom
50%
TV Show 1995-1999 NewsRadio
50%
Film 2011 Zookeeper
50%
TV Show 1994 Hardball
25%
Podcast 2017-2020 The Joe Rogan Experience: MMA Show
25%
TV Show 2005, 2006, 2008 The Ultimate Fighter
25%
Film 2017 Bright
13%
TV Short 1997 Bruce Testones, Fashion Photographer
13%
TV Show 2003, 2004 Chappelle's Show
13%
TV Show 2009 Game Show in My Head
13%
TV Show 2011 Garage Mahal
13%
TV Film 2002 It's a Very Merry Muppet Christmas Movie
13%
Stand-Up Special 2024 Joe Rogan: Burn the Boats
13%
Stand-Up Special 2006 Joe Rogan: Live
13%
Documentary Series 2013 Joe Rogan Questions Everything
13%
TV Show 2002 Just Shoot Me!
13%
Podcast 2021-2024 Kill Tony
13%
TV Show 2003-2007 Last Comic Standing
13%
TV Show 2005 Las Vegas
13%
TV Show 2001-2002 Late Friday
13%
TV Show 1996 MADtv
13%
Film TBA Modern Day Warrior
13%
TV Show 2015 Silicon Valley
13%
Podcast 2015-Present The Joe Rogan Experience: Fight Companion
13%
TV Show 2003-2004, 2014 The Man Show
13%
TV Show 2007-2009 UFC Wired
13%
Film 2010 Venus & Vegas
13%
TV Show 2001 Weakest Link
13%
TV Show 2002 Win Ben Stein's Money
13%
Documentary Series 2019 30 for 30
0%
TV Show 2016 Anthony Bourdain: Parts Unknown
0%
Web Series 2025 Bad Thoughts
0%
Documentary 2018 Blinded 2
0%
TV Show 2013 Brody Stevens: Enjoy It!
0%
Documentary 2010 DMT: The Spirit Molecule
0%
Web Mini-Series 2024 Gumshoe Jon and the Mystery of the Saucer Man
0%
Documentary Series 2017 Huang's World
0%
TV Show 2016 Jeff Ross Presents Roast Battle
0%
Documentary 2001 Joe Rogan: Live from the Belly of the Beast
0%
Stand-Up Special 2012 Joe Rogan: Live from the Tabernacle
0%
Stand-Up Special 2014 Joe Rogan: Rocky Mountain High
0%
Stand-Up Special 2018 Joe Rogan: Strange Times
0%
Stand-Up Special 2009 Joe Rogan: Talking Monkeys in Space
0%
Stand-Up Special 2016 Joe Rogan: Triggered
0%
Documentary Series 2019 Kevin Hart: Don't F**k This Up
0%
TV Show 2013-2015 MeatEater
0%
Documentary 2020 Quiet Explosions: Healing the Brain
0%
Documentary Mini-Series 2020 The Comedy Storerogan
0%
TV Show 2013, 2015 This Is Not Happening
0%
TV Show 2011, 2012 Tosh.0
0%
TV Show 2013 Trip Flip
0%
Documentary Mini-Series 2016 UFC 200 Greatest Fighters of All Time
0%
Documentary Series 2014-2019 UFC Embedded: Vlog Series
0%
Documentary Series 2009 UFC's Ultimate 100 Greatest Fights
0%
Documentary Series 2012-2016 UFC Ultimate Insider
0%
No matching quizzes found
Score Distribution
Percent of People with Each Score
Percentile by Number Answered
Your Score History
You have not taken this quiz since the last reset